21 Cards/ (Record no. 196058)
[ view plain ]
| 000 -LEADER | |
|---|---|
| fixed length control field | 00513nam a22001937a 4500 |
| 005 - DATE AND TIME OF LATEST TRANSACTION | |
| control field | 20230523145636.0 |
| 008 - FIXED-LENGTH DATA ELEMENTS--GENERAL INFORMATION | |
| fixed length control field | 20230523 |
| 010 ## - LCCN (DPL NO) | |
| LC control number | ENG-136992 |
| 020 ## - INTERNATIONAL STANDARD BOOK NUMBER | |
| International Standard Book Number | 9789393734082 |
| Terms of availability | 350.00 |
| 035 ## - SYSTEM CONTROL NUMBER | |
| System control number | EN-120524 |
| 037 ## - SOURCE OF ACQUISITION | |
| Source of stock number/acquisition | DBAD / PUB |
| 082 ## - DEWEY DECIMAL CLASSIFICATION NUMBER | |
| Classification number | S |
| 100 ## - MAIN ENTRY--PERSONAL NAME | |
| Personal name | Chatterjee, Diptendu |
| 245 ## - TITLE STATEMENT | |
| Title | 21 Cards/ |
| Statement of responsibility, etc | Diptendu Chatterjee |
| 260 ## - PUBLICATION, DISTRIBUTION, ETC. (IMPRINT) | |
| Place of publication, distribution, etc | KOLKATA |
| Name of publisher, distributor, etc | exceller book |
| Date of publication, distribution, etc | 2022 |
| 270 ## - ADDRESS | |
| Address | Dream Apartment,Degree collage road, |
| City | kolkata |
| Postal code | 700056 |
| 300 ## - PHYSICAL DESCRIPTION | |
| Extent | 164p; |
| Dimensions | 21cm(pbk) |
| 942 ## - ADDED ENTRY ELEMENTS (KOHA) | |
| Source of classification or shelving scheme | Dewey Decimal Classification |
| Item type | English Books |
| Classification part | S |
| Call number suffix | CHA |
| Withdrawn status | Lost status | Source of classification or shelving scheme | Damaged status | Not for loan | Collection code | Home library | Current library | Date acquired | Source of acquisition | Cost, normal purchase price | Total Checkouts | Full call number | Barcode | Date last seen | Copy number | Cost, replacement price | Koha item type |
|---|---|---|---|---|---|---|---|---|---|---|---|---|---|---|---|---|---|
| Dewey Decimal Classification | Fiction | Ashok Vihar | Ashok Vihar | 23/05/2023 | DBAD/PUB | 350.00 | 1 | S CHA | EN-120524 | 24/02/2024 | 1 | 350.00 | English Books |
